Feasibility estimate (Record no. 43181)

MARC details
000 -LEADER
fixed length control field 00723nam a2200169 a 4500
008 - FIXED-LENGTH DATA ELEMENTS--GENERAL INFORMATION
fixed length control field 070202s2006 xx |||||||||||||| || u
050 ## - LIBRARY OF CONGRESS CALL NUMBER
Classification number THE/ZUL/SBE/12/2006
100 ## - MAIN ENTRY--PERSONAL NAME
Personal name Zulu, Ephraim
245 10 - TITLE STATEMENT
Title Feasibility estimate
Statement of responsibility, etc. thesis by Ephraim Zulu and supervised by Franco Muleya
246 ## - VARYING FORM OF TITLE
Title proper/short title an alternative approach for better accuracy
260 ## - PUBLICATION, DISTRIBUTION, ETC.
Place of publication, distribution, etc.
Name of publisher, distributor, etc. Copperbelt University, School of Built Environment, Department Building Science
Date of publication, distribution, etc. 2006
350 ## - PRICE (NR) (BK AM CF MU VM SE) [OBSOLETE]
Price 0.00
650 ## - SUBJECT ADDED ENTRY--TOPICAL TERM
Topical term or geographic name entry element CONSTRUCTION INDUSTRY--ZAMBIA
650 ## - SUBJECT ADDED ENTRY--TOPICAL TERM
Topical term or geographic name entry element BUILDING--ESTIMATES--ZAMBIA
650 ## - SUBJECT ADDED ENTRY--TOPICAL TERM
Topical term or geographic name entry element BUILDING
995 ## - RECOMMENDATION 995 [LOCAL, UNIMARC FRANCE]
-- 0.00
-- CBU-MAIN LIBRARY (Kitwe)
-- 1
-- 0.00
-- 1
-- AVAILABLE
-- Feb 2, 2007
-- University Collection
Holdings
Withdrawn status Lost status Source of classification or shelving scheme Damaged status Not for loan Home library Current library Shelving location Date acquired Total Checkouts Full call number Barcode Date last seen Price effective from Koha item type
          CBU-MAIN LIBRARY, KITWE. CBU-MAIN LIBRARY, KITWE.   11/30/2022   THE/ZUL/SBE/12/2006 Z03001623 11/30/2022 11/30/2022 MONOGRAPH